Normal view MARC view
  • Solís de la Cruz, José Trinidad

Entry Nombre Personal

Number of records used in: 5

001 - NUMERO DE CONTROL

  • campo de control: 49344

003 - IDENTIFICADOR DE NUMERO DE CONTROL

  • campo de control: DLC

005 - FECHA Y HORA DE LA ÜLTIMA TRANSACCIÓN

  • campo de control: 20230614112847.0

008 - DATOS DE LONGITUD FIJA

  • campo de control de longitud fija: 870608n| acannaabn |a aaa

010 ## - NÚMERO DE CONTROL DE LA BIBLIOTECA DEL CONGRESO

  • Número de control LC: n 86072682

035 ## - NUMERO DE CONTROL

  • Número de control: (OCoLC)oca01871036

040 ## - FUENTE DE CATALOGACIÓN

  • Agencia original de catalogación: DLC
  • Lenguaje de catalogación: spa
  • Agencia de transcripción: DLC
  • Agencia que lo modifica: DLC
  • Agencia que lo modifica: OCoLC
  • Agencia que lo modifica: MX-MxUPN

100 1# - ENCABEZAMIENTO - NOMBRE PERSONAL

  • Nombre personal: Solís de la Cruz, José Trinidad

400 1# - VEÁSE - NOMBRE DE PERSONA

  • Personal name: De la Cruz, José Trinidad Solís

400 1# - VEÁSE - NOMBRE DE PERSONA

  • Personal name: La Cruz, José Trinidad Solís de

400 1# - VEÁSE - NOMBRE DE PERSONA

  • Personal name: Cruz, José Trinidad Solís de la

400 1# - VEÁSE - NOMBRE DE PERSONA

  • Personal name: Solís de la Cruz, J. Trinidad

670 ## - FUENTE EN LA QUE SE LOCALIZARON DATOS

  • Cita de la fuente: Cartilla de las letras tepehuanas, 1983:
  • Información localizada: página 72 (José Trinidad Solís de la Cruz)

670 ## - FUENTE EN LA QUE SE LOCALIZARON DATOS

  • Cita de la fuente: Na jax ja'c jup jum vuaj gu quis guio ma'n gu sapoc, 1977 :
  • Información localizada: cubierta (J. Trinidad Solís de la Cruz )

902 ## - CATALOGADOR

  • Catalogador: VíctorGodínez/140623